In search of democracy / (Record no. 22577)

MARC details
000 -LEADER
fixed length control field 01130cam a22002775a 4500
001 - CONTROL NUMBER
control field 18554567
005 - DATE AND TIME OF LATEST TRANSACTION
control field 20161015124227.0
008 - FIXED-LENGTH DATA ELEMENTS--GENERAL INFORMATION
fixed length control field 150406s2016 enk frb 001 0 eng d
010 ## - LIBRARY OF CONGRESS CONTROL NUMBER
LC control number 2015003888
020 ## - INTERNATIONAL STANDARD BOOK NUMBER
International Standard Book Number 9780415781275 (hardback)
020 ## - INTERNATIONAL STANDARD BOOK NUMBER
International Standard Book Number 9780415781282 (pbk.)
040 ## - CATALOGING SOURCE
Original cataloging agency DLC
Language of cataloging eng
Transcribing agency DLC
Modifying agency DLC
-- EG-ScBUE
082 04 - DEWEY DECIMAL CLASSIFICATION NUMBER
Classification number 321.8
Item number DIA
Edition number 22
100 1# - MAIN ENTRY--PERSONAL NAME
Personal name Diamond, Larry Jay.
245 10 - TITLE STATEMENT
Title In search of democracy /
Statement of responsibility, etc Larry Diamond.
260 ## - PUBLICATION, DISTRIBUTION, ETC. (IMPRINT)
Place of publication, distribution, etc Abingdon :
Name of publisher, distributor, etc Routledge,
Date of publication, distribution, etc 2016.
300 ## - PHYSICAL DESCRIPTION
Extent xv, 469 p. ;
Dimensions 24 cm
504 ## - BIBLIOGRAPHY, ETC. NOTE
Bibliography, etc Includes bibliographical references and index.
520 ## - SUMMARY, ETC.
Summary, etc Takes stock of democratic progress in the world, reflects upon the causes of democratic difficulty in the world, and addresses some of the critical conditions for democratic success. This book analyzes democratic dilemmas and prospects in particular regions and countries
650 #0 - SUBJECT ADDED ENTRY--TOPICAL TERM
Topical term or geographic name as entry element Democracy.
Source of heading or term BUEsh
650 #0 - SUBJECT ADDED ENTRY--TOPICAL TERM
Topical term or geographic name as entry element Comparative government.
Source of heading or term BUEsh
651 ## - SUBJECT ADDED ENTRY--GEOGRAPHIC NAME
Source of heading or term BUEsh
653 ## - INDEX TERM--UNCONTROLLED
Resource For college Humanities: English
-- BAEPS, Political Science
Arrived date list October2016
942 ## - ADDED ENTRY ELEMENTS (KOHA)
Source of classification or shelving scheme Dewey Decimal Classification
Holdings
Withdrawn status Item status Source of classification or shelving scheme Damaged status Not for loan Vendor Home library Current library Shelving location Date acquired Source of acquisition Cost, normal purchase price Serial Enumeration / chronology Total Checkouts Total Renewals Full call number Barcode Date last seen Date last borrowed Cost, replacement price Koha item type
    Dewey Decimal Classification     Academic Bookshop Central Library Central Library First floor 15/10/2016 Purchase 378.00 9130 6 26 321.8 DIA 000034064 15/07/2025 04/07/2021 472.50 Book - Borrowing